La problemática de las matemáticas escolares: un reto para directivos y profesores
Na minha lista:
| Principais autores: | , |
|---|---|
| Formato: | Livro |
| Idioma: | espanhol |
| Publicado em: |
Ciudad de México
Iberoamérica
1996
|
| Assuntos: | |
| Tags: |
Adicionar Tag
Sem tags, seja o primeiro a adicionar uma tag!
|
MARC
| LEADER | 00000nam a2200000 a 4500 | ||
|---|---|---|---|
| 001 | UCQ3090 | ||
| 003 | CL-VaPUC | ||
| 008 | 980817e19960000MX |||||||||||||||||spa|d | ||
| 082 | 0 | 4 | |a 372.71 |b GOM |2 21 |
| 100 | |a Gómez, Pedro |e author |9 601735 | ||
| 700 | 0 | |a Perry, Patricia Inés |e author |9 417167 | |
| 245 | 1 | 3 | |a La problemática de las matemáticas escolares: un reto para directivos y profesores |
| 300 | |a 189 p | ||
| 942 | |c BK | ||
| 945 | |d 19980817 00:00:00 |a mvenant | ||
| 260 | |a Ciudad de México |b Iberoamérica |c 1996 | ||
| 650 | 0 | |a Matemática |9 260235 | |
| 650 | 0 | |a Métodos de enseñanza |9 270413 | |
| 650 | 0 | |a Evaluación de la educación |9 237505 | |
| 650 | 0 | |a Matemáticas |x Enseñanza |9 875527 | |
| 583 | |a last modification |c 19980817 00:00:00 |k Rodrigo Vera | ||
| 999 | |c 273738 |d 273736 | ||
| 952 | |0 0 |1 0 |4 0 |6 372_710000000000000_GOM_1996 |7 0 |8 A |9 309588 |a BIBMAT |b BIBMAT |c E_DIDACT |d 2019-11-20 |i 3450228 |o 372.71 GOM 1996 |p 3450228 |r 2025-01-07 |w 2019-11-20 |y BK |k MAT | ||